00968 2200229 4500001002100000005001500021035002000036007000300056008004100059020002200100082001000122084001600132100002300148245007700171260003100248300002400279500035900303650002800662700001900690700001600709990001300725INLIS00000000000055620171006085844 a0010-1017000110ta171006 f 0 ind  a978-979-033-259-1 a2x6.2 a2x6.2 SYA f0 aSyarif, mujar ibnu1 aFiqh siyasah :bDoktrin dan pemikiran politik islam /cMujar ibnu syarif aJakarta :berlangga,c2011 a402 ;c14,5 x 21 cm aTujuan utama yang hendak dicapai dari studi fiqh siyasah adalah agar yang mempelajari ilmu ini dapat memahami bagaimana menciptakan sebuah sistem pengaturan negara yang islami dan dapat menjelaskan bahwa islam menghendaki terciptanya sebuah sistem politik yang adil guna merealisasikan kemaslahatan bagi umat manusia di segala zaman dan di setiap negara. aPemikiran politik islam0 aAhmad ta'yudin0 aSayed mahdi a1072.878